000 00342nam a22001457a 4500
008 210322b ||||| |||| 00| 0 eng d
020 _a9780130407016
041 _aeng
080 _26th
_a330.101.541
082 _a330.101.541
100 _a52
101 _aMAKRO
245 _aPrinciples of Macroeconomics
_cCase, K. E
942 _2udc
_cBK
999 _c56642
_d56642